| 000 | 00336nam a2200133Ia 4500 | ||
|---|---|---|---|
| 005 | 20260326235438.0 | ||
| 008 | 260326s9999||||xx |||||||||||||| ||und|| | ||
| 100 | _aSullivan, Louis Henry | ||
| 245 | 0 |
_aAutobiografía de una idea / _cLouis Henry Sullivan |
|
| 260 | _bInfinito | ||
| 300 | _a236 p. | ||
| 650 | _aARQUITECTURA | ||
| 942 | _cBK | ||
| 999 |
_c7296 _d7296 |
||